[Event "Gibraltar ChallWk1 13th"]
[Site "Gibraltar"]
[Date "2015.01.29"]
[Round "4.33"]
[White "Othman, Mustapha"]
[Black "Bryn, Askild"]
[Result "1/2-1/2"]
[WhiteElo "1968"]
[BlackElo "2074"]
[PlyCount "130"]
[EventDate "2015.01.26"]
[EventType "swiss"]
[EventRounds "5"]
[EventCountry "GGB"]
[SourceTitle "BritBase"]
[Source "www.saund.co.uk"]
[SourceDate "2018.02.10"]
[SourceVersion "1"]
[SourceVersionDate "2018.02.10"]
[SourceQuality "1"]

1. d4 d6 2. e4 Nd7 3. Nf3 e5 4. Bc4 c6 5. Ng5 Nh6 6. Qf3 Qe7 7. c3 Nb6 8. Bb3
f6 9. Nh3 Nf7 10. O-O g5 11. Qh5 Be6 12. f4 gxf4 13. dxe5 dxe5 14. Nd2 O-O-O
15. Nf3 Nd6 16. Nxe5 fxe5 17. Qxe5 Bxb3 18. Qxe7 Bxe7 19. axb3 a6 20. e5 Ne4
21. Bxf4 Nd2 22. Be3 Na8 23. Rf7 Nxb3 24. Re1 Bc5 25. Bxc5 Nxc5 26. e6 Rde8 27.
Nf4 Rhf8 28. b4 Rxf7 29. exf7 Rxe1+ 30. Kf2 Nd7 31. Kxe1 Kd8 32. Ne6+ Ke7 33.
f8=Q+ Nxf8 34. Nc5 b6 35. Nxa6 Kd6 36. c4 Nd7 37. c5+ bxc5 38. bxc5+ Nxc5 39.
Nb4 Nb6 40. g4 Nd5 41. Nc2 Nf4 42. Kf2 Ne4+ 43. Ke3 Ke5 44. Ne1 Nd5+ 45. Kf3 c5
46. h4 Nc7 47. Nd3+ Kd5 48. Kf4 Ne6+ 49. Kf5 Nd4+ 50. Kf4 Ne6+ 51. Kf5 Ng7+ 52.
Kf4 c4 53. Nb4+ Kd4 54. Nc2+ Kd3 55. Nb4+ Kc3 56. Nc6 Nc5 57. Na5 Nce6+ 58. Ke5
Kd3 59. Nxc4 Kxc4 60. g5 Kc5 61. Kf6 Kd6 62. Kf7 Nxg5+ 63. Kxg7 h5 64. Kg6 Nf3
65. Kxh5 Nxh4 1/2-1/2

[Event "Gibraltar ChallWk1 13th"]
[Site "Gibraltar"]
[Date "2015.01.29"]
[Round "4.34"]
[White "Ungureanu, Sandu"]
[Black "Ruiz Manrique, Joaquin"]
[Result "1-0"]
[WhiteElo "2040"]
[BlackElo "1945"]
[PlyCount "113"]
[EventDate "2015.01.26"]
[EventType "swiss"]
[EventRounds "5"]
[EventCountry "GGB"]
[SourceTitle "BritBase"]
[Source "www.saund.co.uk"]
[SourceDate "2018.02.10"]
[SourceVersion "1"]
[SourceVersionDate "2018.02.10"]
[SourceQuality "1"]

1. e4 d6 2. d4 Nf6 3. Bd3 c6 4. c4 e5 5. d5 Be7 6. Nc3 O-O 7. f4 Bg4 8. Nf3
Nbd7 9. h3 Bxf3 10. Qxf3 Qb6 11. f5 cxd5 12. exd5 Nc5 13. Rb1 Rfe8 14. Bc2 e4
15. Qe3 Nfd7 16. O-O Bf6 17. Kh1 Re7 18. b4 Nd3 19. Na4 Qc7 20. Bb3 Nxb4 21.
Ba3 Nd3 22. g4 h6 23. Qg3 e3 24. Bxd6 Qd8 25. Bxe7 Qxe7 26. Bc2 e2 27. Qxd3
exf1=Q+ 28. Rxf1 Re8 29. Kg2 Bh4 30. Nc3 Qe3 31. Rf3 Qe1 32. Rf1 Qe3 33. Nd1
Qc5 34. Ba4 Re7 35. Bxd7 Rxd7 36. Qe3 Qd6 37. Nc3 Re7 38. Qd3 Qa3 39. d6 Rd7
40. Rd1 Qc5 41. Ne4 Qa5 42. Rd2 b6 43. Re2 Qb4 44. Qb3 Qa5 45. Qb5 Qxb5 46.
cxb5 Kf8 47. Rc2 Ke8 48. Rc8+ Rd8 49. Rxd8+ Kxd8 50. Kf3 Kd7 51. Ke3 Bf6 52.
Kd3 Be5 53. g5 Bxd6 54. Nxd6 Kxd6 55. f6 g6 56. gxh6 Ke6 57. h7 1-0

[Event "Gibraltar ChallWk1 13th"]
[Site "Gibraltar"]
[Date "2015.01.29"]
[Round "4.35"]
[White "Burke, Mitchell R"]
[Black "Isherwood, Paul"]
[Result "1-0"]
[WhiteElo "1928"]
[BlackElo "2002"]
[PlyCount "89"]
[EventDate "2015.01.26"]
[EventType "swiss"]
[EventRounds "5"]
[EventCountry "GGB"]
[SourceTitle "BritBase"]
[Source "www.saund.co.uk"]
[SourceDate "2018.02.10"]
[SourceVersion "1"]
[SourceVersionDate "2018.02.10"]
[SourceQuality "1"]

1. e4 e5 2. f4 exf4 3. Bc4 d5 4. Bxd5 Nf6 5. Nc3 Nxd5 6. Nxd5 f5 7. Nxf4 g6 8.
Qe2 fxe4 9. Qxe4+ Qe7 10. Qxe7+ Bxe7 11. Nf3 O-O 12. Nd5 Bd6 13. d3 Be6 14. Nc3
Nc6 15. Bh6 Rf5 16. Ne4 Be7 17. O-O Rd8 18. a3 a5 19. Rae1 Bc8 20. Bg5 Bxg5 21.
Nfxg5 Rdf8 22. Rxf5 gxf5 23. Nd2 h6 24. Ngf3 Kg7 25. Nc4 Kf6 26. Kf2 b6 27.
Nce5 Ne7 28. d4 Rg8 29. c4 a4 30. Rd1 Rd8 31. d5 Bb7 32. Rd4 Kg7 33. g4 Bc8 34.
g5 hxg5 35. Nxg5 Kf6 36. Ngf3 b5 37. cxb5 Rxd5 38. Rxd5 Nxd5 39. Nd3 Bd7 40.
Nd4 Be8 41. Nc5 Ke5 42. Nf3+ Kf4 43. Nxa4 Ne3 44. Nc3 Bf7 45. Ne2+ 1-0

[Event "Gibraltar ChallWk1 13th"]
[Site "Gibraltar"]
[Date "2015.01.29"]
[Round "4.37"]
[White "Tortolero, Cesar"]
[Black "Baliuniene, Margarita"]
[Result "1-0"]
[WhiteElo "1937"]
[BlackElo "1946"]
[PlyCount "49"]
[EventDate "2015.01.26"]
[EventType "swiss"]
[EventRounds "5"]
[EventCountry "GGB"]
[SourceTitle "BritBase"]
[Source "www.saund.co.uk"]
[SourceDate "2018.02.10"]
[SourceVersion "1"]
[SourceVersionDate "2018.02.10"]
[SourceQuality "1"]

1. d4 d5 2. c4 e6 3. Nc3 c5 4. dxc5 d4 5. Ne4 Nc6 6. Nf3 f5 7. Bg5 Nf6 8. Bxf6
gxf6 9. Nd6+ Bxd6 10. cxd6 Qxd6 11. g3 e5 12. Bg2 e4 13. Nh4 Qb4+ 14. Qd2 Qxc4
15. O-O Be6 16. Rfc1 Qb5 17. a4 Qa5 18. b4 Qxb4 19. Qf4 Qa5 20. Qd6 Kf7 21.
Rab1 Bc8 22. Rxc6 bxc6 23. Qxc6 Ba6 24. Qd7+ Kf8 25. Nxf5 1-0

[Event "Gibraltar ChallWk1 13th"]
[Site "Gibraltar"]
[Date "2015.01.30"]
[Round "5.1"]
[White "Urbina Perez, Juan Antonio"]
[Black "Sanchez Botella, Luis Javier"]
[Result "1/2-1/2"]
[WhiteElo "2221"]
[BlackElo "2246"]
[PlyCount "33"]
[EventDate "2015.01.26"]
[EventType "swiss"]
[EventRounds "5"]
[EventCountry "GGB"]
[SourceTitle "BritBase"]
[Source "www.saund.co.uk"]
[SourceDate "2018.02.10"]
[SourceVersion "1"]
[SourceVersionDate "2018.02.10"]
[SourceQuality "1"]
[TimeControl "7200+180"]
[WhiteClock "1:42:32"]
[BlackClock "1:39:42"]

1. d4 d5 2. Nf3 Nf6 3. c4 c6 4. cxd5 cxd5 5. Nc3 Nc6 6. Bf4 Bf5 7. e3 e6 8. Bd3
Bxd3 9. Qxd3 Bd6 10. Bxd6 Qxd6 11. O-O O-O 12. Rfc1 Rac8 13. a3 Qb8 14. h3 Ne7
15. Ne2 h6 16. Rxc8 Rxc8 17. Rc1 1/2-1/2

[Event "Gibraltar ChallWk1 13th"]
[Site "Gibraltar"]
[Date "2015.01.30"]
[Round "5.2"]
[White "Menna Barreto, Felipe Kubiaki"]
[Black "Galmandakh, Badrakh"]
[Result "0-1"]
[WhiteElo "2247"]
[BlackElo "2240"]
[PlyCount "84"]
[EventDate "2015.01.26"]
[EventType "swiss"]
[EventRounds "5"]
[EventCountry "GGB"]
[SourceTitle "BritBase"]
[Source "www.saund.co.uk"]
[SourceDate "2018.02.10"]
[SourceVersion "1"]
[SourceVersionDate "2018.02.10"]
[SourceQuality "1"]
[TimeControl "7200+3380"]
[WhiteClock "1:06:35"]
[BlackClock "0:00:27"]

1. d4 d6 2. e4 Nf6 3. Nc3 e5 4. Nf3 Nbd7 5. Bc4 Be7 6. O-O O-O 7. Re1 c6 8. a4
b6 9. Ba2 Bb7 10. h3 a6 11. Be3 Qc7 12. Nh4 g6 13. Nf3 exd4 14. Bxd4 Ne5 15.
Nd2 Nh5 16. Be3 Nd7 17. Bh6 Ng7 18. Nf3 Nc5 19. Ng5 Bf6 20. Qg4 Bc8 21. Qg3
Nce6 22. Rad1 Bxg5 23. Bxg5 Nxg5 24. Qxg5 Be6 25. Rd3 Rae8 26. Qd2 Bxa2 27.
Nxa2 Re6 28. Nc3 Qe7 29. Rd1 Ne8 30. Qe3 f5 31. Qxb6 fxe4 32. Re3 d5 33. Qxa6
Ng7 34. Ree1 Ref6 35. Qb6 Nf5 36. a5 Nh4 37. Rxd5 Rxf2 38. Qxc6 Rxg2+ 39. Kh1
Rff2 40. Qa8+ Kg7 41. Qb8 Nf3 42. Re2 Rg1# 0-1

[Event "Gibraltar ChallWk1 13th"]
[Site "Gibraltar"]
[Date "2015.01.30"]
[Round "5.3"]
[White "Byron, Alan M"]
[Black "Longa Yauca, Javier"]
[Result "0-1"]
[WhiteElo "2188"]
[BlackElo "2245"]
[PlyCount "106"]
[EventDate "2015.01.26"]
[EventType "swiss"]
[EventRounds "5"]
[EventCountry "GGB"]
[SourceTitle "BritBase"]
[Source "www.saund.co.uk"]
[SourceDate "2018.02.10"]
[SourceVersion "1"]
[SourceVersionDate "2018.02.10"]
[SourceQuality "1"]
[TimeControl "7200+835"]
[WhiteClock "0:03:26"]
[BlackClock "0:27:03"]

1. e4 e5 2. Nf3 Nc6 3. Bb5 a6 4. Ba4 Nge7 5. c3 d6 6. O-O Bd7 7. Bb3 Ng6 8. d4
Be7 9. Re1 O-O 10. Nbd2 Kh8 11. Nf1 Bg4 12. d5 Na5 13. Ne3 Nxb3 14. axb3 Bd7
15. Nf5 Bf6 16. c4 Nf4 17. b4 g6 18. Ne3 Bg7 19. Nc2 Qf6 20. Bxf4 Qxf4 21. Qd2
Qg4 22. h3 Qh5 23. Qg5 Qxg5 24. Nxg5 Bh6 25. Nf3 f5 26. Ne3 fxe4 27. Nd2 Rf4
28. Nd1 e3 29. fxe3 Rh4 30. b3 Rf8 31. Ra2 c6 32. Nf3 Rh5 33. dxc6 Bxc6 34. e4
Rf4 35. Nf2 Bf8 36. Ree2 Be7 37. Kh2 g5 38. Kg1 Rh6 39. Nd2 Rg6 40. g3 Rf8 41.
Nd1 g4 42. h4 Bd8 43. Ne3 Bb6 44. Kg2 h5 45. Nd5 Bd4 46. Nf1 Bxd5 47. exd5 Rgf6
48. Ne3 Rf3 49. Nd1 Rxb3 50. c5 Rff3 51. cxd6 Rxg3+ 52. Kh1 Rg1+ 53. Kh2 Rh3#
0-1

[Event "Gibraltar ChallWk1 13th"]
[Site "Gibraltar"]
[Date "2015.01.30"]
[Round "5.4"]
[White "Vea, Odin Blikra"]
[Black "Varga, Klara"]
[Result "0-1"]
[WhiteElo "2242"]
[BlackElo "2145"]
[PlyCount "78"]
[EventDate "2015.01.26"]
[EventType "swiss"]
[EventRounds "5"]
[EventCountry "GGB"]
[SourceTitle "BritBase"]
[Source "www.saund.co.uk"]
[SourceDate "2018.02.10"]
[SourceVersion "1"]
[SourceVersionDate "2018.02.10"]
[SourceQuality "1"]
[TimeControl "6600+785"]
[WhiteClock "0:52:13"]
[BlackClock "1:10:50"]

1. e4 e6 2. d4 d5 3. Nc3 Nc6 4. Nf3 Nf6 5. e5 Ne4 6. Bd3 Bb4 7. Bd2 Nxd2 8.
Qxd2 f6 9. a3 Bxc3 10. Qxc3 fxe5 11. dxe5 Bd7 12. O-O-O Qe7 13. Rhe1 O-O-O 14.
Bb5 Nb8 15. Bf1 Rdf8 16. Qe3 c5 17. Kb1 Bc6 18. Nd2 g5 19. c4 d4 20. Qg3 h5 21.
f3 Rf4 22. Bd3 Nd7 23. Re2 Qg7 24. Qe1 g4 25. Qg3 Rhf8 26. Rde1 h4 27. Qf2 gxf3
28. gxf3 Bxf3 29. Bc2 Bxe2 30. Qxe2 Rf2 31. Qd1 Qg2 32. Ne4 Rf1 33. Nf6 Rxe1
34. Qxe1 Nxf6 35. exf6 Rxf6 36. Qa5 Rf1+ 37. Ka2 Qxc2 38. Qxc5+ Kd7 39. Qxd4+
Kc6 0-1

[Event "Gibraltar ChallWk1 13th"]
[Site "Gibraltar"]
[Date "2015.01.30"]
[Round "5.5"]
[White "Ibarra Jerez, Juan Miguel"]
[Black "Dougherty, Michael"]
[Result "1-0"]
[WhiteElo "2238"]
[BlackElo "2138"]
[PlyCount "63"]
[EventDate "2015.01.26"]
[EventType "swiss"]
[EventRounds "5"]
[EventCountry "GGB"]
[SourceTitle "BritBase"]
[Source "www.saund.co.uk"]
[SourceDate "2018.02.10"]
[SourceVersion "1"]
[SourceVersionDate "2018.02.10"]
[SourceQuality "1"]
[TimeControl "6600+1660"]
[WhiteClock "0:07:27"]
[BlackClock "0:26:29"]

1. e4 c5 2. Nc3 e6 3. Nge2 Nc6 4. d4 cxd4 5. Nxd4 Nf6 6. Ndb5 d6 7. Bf4 e5 8.
Bg5 a6 9. Na3 b5 10. Nd5 Be7 11. Bxf6 Bxf6 12. c4 b4 13. Nc2 Rb8 14. Qf3 Be6
15. Rd1 Bg5 16. b3 O-O 17. h4 Bh6 18. g4 f6 19. Qg3 Rb7 20. Rg1 Bxd5 21. Rxd5
Bf4 22. Qd3 Ne7 23. Rxd6 Qa5 24. g5 fxg5 25. hxg5 Qxa2 26. Bh3 Qb1+ 27. Qd1
Qxb3 28. Be6+ Kh8 29. Rd3 Qa4 30. Rh3 g6 31. Rgh1 Nc8 32. Qg4 1-0

[Event "Gibraltar ChallWk1 13th"]
[Site "Gibraltar"]
[Date "2015.01.30"]
[Round "5.6"]
[White "Balogun, Oluwafemi"]
[Black "Rodriguez Alvarez, Vidal"]
[Result "0-1"]
[WhiteElo "2193"]
[BlackElo "2122"]
[PlyCount "88"]
[EventDate "2015.01.26"]
[EventType "swiss"]
[EventRounds "5"]
[EventCountry "GGB"]
[SourceTitle "BritBase"]
[Source "www.saund.co.uk"]
[SourceDate "2018.02.10"]
[SourceVersion "1"]
[SourceVersionDate "2018.02.10"]
[SourceQuality "1"]
[TimeControl "7200+860"]
[WhiteClock "0:10:11"]
[BlackClock "0:05:18"]

1. e4 c5 2. Nf3 Nc6 3. d3 g6 4. g3 Bg7 5. Bg2 e5 6. c3 Nge7 7. O-O O-O 8. Na3
d5 9. exd5 Nxd5 10. Re1 Re8 11. Nc4 h6 12. a4 Bf5 13. Nh4 Be6 14. a5 Qc7 15.
Qa4 Rad8 16. Qb5 a6 17. Qa4 Kh7 18. Nf3 Bf5 19. Ne3 Nxe3 20. Bxe3 Qd6 21. Qb3
Rd7 22. Qb6 Bf8 23. Nd2 Bxd3 24. Nb3 c4 25. Nc5 e4 26. Nxd7 Qxd7 27. b3 Ne5 28.
Kh1 Re6 29. Qd4 cxb3 30. Qxd7 Nxd7 31. Bc1 Bc5 32. Bh3 f5 33. g4 Rf6 34. gxf5
gxf5 35. f3 Ne5 36. fxe4 fxe4 37. Bg2 Nf3 38. Rd1 Kg6 39. Bb2 Bc2 40. Rd5 Rf5
41. Rd7 e3 42. c4 e2 43. Bh3 Rg5 44. Be6 Ne5 0-1

[Event "Gibraltar ChallWk1 13th"]
[Site "Gibraltar"]
[Date "2015.01.30"]
[Round "5.7"]
[White "Pena Riasco, Alexander"]
[Black "Fiori, Hector"]
[Result "1/2-1/2"]
[WhiteElo "2181"]
[BlackElo "2066"]
[PlyCount "116"]
[EventDate "2015.01.26"]
[EventType "swiss"]
[EventRounds "5"]
[EventCountry "GGB"]
[SourceTitle "BritBase"]
[Source "www.saund.co.uk"]
[SourceDate "2018.02.10"]
[SourceVersion "1"]
[SourceVersionDate "2018.02.10"]
[SourceQuality "1"]
[TimeControl "7200+1505"]
[WhiteClock "0:01:09"]
[BlackClock "0:01:26"]

1. e4 c6 2. d4 d5 3. Nc3 dxe4 4. Nxe4 Bf5 5. Ng3 Bg6 6. Nf3 Nd7 7. h4 h6 8. h5
Bh7 9. Bd3 Bxd3 10. Qxd3 e6 11. Bd2 Ngf6 12. O-O-O Be7 13. Kb1 O-O 14. Ne4 Nxe4
15. Qxe4 Nf6 16. Qe2 Qd5 17. Be3 Qb5 18. c4 Qf5+ 19. Ka1 c5 20. Ne5 cxd4 21.
Bxd4 Qe4 22. Qd2 Rfd8 23. f3 Qh7 24. Qe3 Nd7 25. Ng4 b6 26. Nf2 Nc5 27. Ne4
Rdc8 28. Nc3 a5 29. g4 a4 30. Bxc5 Rxc5 31. Rd7 Bf6 32. Ne4 a3 33. Qd3 Bxb2+
34. Kb1 Rcc8 35. Rxf7 Kh8 36. Rd1 Qg8 37. Rd7 Qf8 38. Nd6 Bf6 39. Nf7+ Kg8 40.
Nxh6+ Kh8 41. Nf7+ Kg8 42. Qb3 b5 43. h6 Be7 44. Ne5 gxh6 45. Ng6 bxc4 46.
Nxe7+ Qxe7 47. Rxe7 cxb3 48. axb3 Rc3 49. Rxe6 Rxb3+ 50. Ka2 Rxf3 51. Rd2 Rg3
52. Re4 Rb8 53. Red4 Rb2+ 54. Rxb2 axb2 55. Kxb2 Kg7 56. Kc2 Kg6 57. Kd2 Kg5
58. Ke2 Rxg4 1/2-1/2

[Event "Gibraltar ChallWk1 13th"]
[Site "Gibraltar"]
[Date "2015.01.30"]
[Round "5.8"]
[White "Osuna Vega, Enrique"]
[Black "Agrest, Inna"]
[Result "0-1"]
[WhiteElo "2108"]
[BlackElo "2179"]
[PlyCount "134"]
[EventDate "2015.01.26"]
[EventType "swiss"]
[EventRounds "5"]
[EventCountry "GGB"]
[SourceTitle "BritBase"]
[Source "www.saund.co.uk"]
[SourceDate "2018.02.10"]
[SourceVersion "1"]
[SourceVersionDate "2018.02.10"]
[SourceQuality "1"]
[TimeControl "7200+1030"]
[WhiteClock "0:00:25"]
[BlackClock "0:00:47"]

1. e4 e5 2. Nf3 Nc6 3. c3 d5 4. Qa4 dxe4 5. Nxe5 Qd5 6. Nxc6 bxc6 7. Bc4 Qd7 8.
O-O Nf6 9. d3 Bd6 10. dxe4 O-O 11. h3 Nxe4 12. Qc2 Qe7 13. Re1 Bf5 14. Bd3 Qe5
15. g3 Rae8 16. Nd2 Bc5 17. Nxe4 Bxe4 18. Bf4 Bxd3 19. Rxe5 Bxc2 20. Rxc5 Re6
21. Rc1 Be4 22. Ra5 Rfe8 23. Rxa7 Bf3 24. Be3 R6e7 25. g4 f6 26. Kh2 g5 27. Kg3
Bd5 28. c4 Bf7 29. b3 h5 30. gxh5 Bxh5 31. a4 Rb8 32. Rc3 Bd1 33. b4 f5 34.
Bxg5 Rg7 35. Kf4 Rxb4 36. Kxf5 Rb2 37. f4 Bc2+ 38. Kg4 Be4 39. Rg3 Rc2 40. h4
Rf7 41. Ra5 Rxc4 42. h5 c5 43. h6 Kh7 44. Ra6 Bf5+ 45. Kf3 Rc3+ 46. Kf2 Rc2+
47. Ke1 Rc1+ 48. Kf2 Rc2+ 49. Ke1 Rd7 50. Re3 Rc1+ 51. Kf2 Rd2+ 52. Re2 Rd7 53.
Ra8 c4 54. Rd8 Rxd8 55. Bxd8 Kxh6 56. a5 c3 57. a6 Ra1 58. a7 Rxa7 59. Re3 c2
60. Bg5+ Kg6 61. Rc3 Ra1 62. Rc6+ Kf7 63. Rxc7+ Ke6 64. Re7+ Kd6 65. Rf7 c1=Q
66. Rf6+ Kc7 67. Rxf5 Qc2+ 0-1

[Event "Gibraltar ChallWk1 13th"]
[Site "Gibraltar"]
[Date "2015.01.30"]
[Round "5.9"]
[White "Boyer Censore, Giuseppe Enmanu"]
[Black "Herman, Diego"]
[Result "1-0"]
[WhiteElo "1960"]
[BlackElo "2148"]
[PlyCount "100"]
[EventDate "2015.01.26"]
[EventType "swiss"]
[EventRounds "5"]
[EventCountry "GGB"]
[SourceTitle "BritBase"]
[Source "www.saund.co.uk"]
[SourceDate "2018.02.10"]
[SourceVersion "1"]
[SourceVersionDate "2018.02.10"]
[SourceQuality "1"]
[TimeControl "6600+1245"]
[WhiteClock "0:00:42"]
[BlackClock "0:04:44"]

1. e4 d6 2. d4 Nf6 3. Nc3 g6 4. Be3 c6 5. Qd2 b5 6. f3 Nbd7 7. g4 Nb6 8. h4 b4
9. Nb1 Be6 10. Qxb4 Rb8 11. Qa5 Bg7 12. Nd2 O-O 13. O-O-O Qc7 14. Bd3 Nfd7 15.
c3 c5 16. Kb1 c4 17. Bc2 Rb7 18. Ne2 Rfb8 19. Ka1 f6 20. g5 Bf7 21. h5 Nf8 22.
hxg6 hxg6 23. gxf6 exf6 24. Bh6 Ne6 25. Bxg7 Kxg7 26. Rdg1 Rh8 27. Rxh8 Kxh8
28. f4 Nd8 29. Rh1+ Kg7 30. Rg1 Kh8 31. Nf3 Qd7 32. Rg3 Nc6 33. Qa3 Rb8 34. Nh4
Rg8 35. b3 Ne7 36. Qc1 Rg7 37. Ng1 Qb5 38. b4 a5 39. a3 axb4 40. cxb4 Nc6 41.
Ngf3 c3 42. d5 Nxb4 43. axb4 Bxd5 44. Nxg6+ Kg8 45. Qa3 Qf1+ 46. Bb1 c2 47. Nd2
c1=Q 48. Nxf1 Qxf1 49. Ne7+ Kf8 50. Rxg7 Qxf4 1-0

[Event "Gibraltar ChallWk1 13th"]
[Site "Gibraltar"]
[Date "2015.01.30"]
[Round "5.11"]
[White "Gonzalez Gonzalez, Alfonso"]
[Black "Maloberti, David"]
[Result "0-1"]
[WhiteElo "2160"]
[BlackElo "2108"]
[PlyCount "102"]
[EventDate "2015.01.26"]
[EventType "swiss"]
[EventRounds "5"]
[EventCountry "GGB"]
[SourceTitle "BritBase"]
[Source "www.saund.co.uk"]
[SourceDate "2018.02.10"]
[SourceVersion "1"]
[SourceVersionDate "2018.02.10"]
[SourceQuality "1"]
[TimeControl "6600+645"]
[WhiteClock "0:08:41"]
[BlackClock "0:02:17"]

1. d4 Nf6 2. Bg5 e6 3. e4 d5 4. e5 h6 5. Bf4 Nfd7 6. Bd3 c5 7. c3 Nc6 8. Ne2
Qb6 9. Nd2 c4 10. Bc2 Qxb2 11. O-O Qa3 12. Bg3 Nb6 13. f4 Ne7 14. Rf3 Bd7 15.
Nf1 g6 16. Bh4 h5 17. Bf6 Rh7 18. Rh3 Bh6 19. Nd2 Nf5 20. Kf2 Bc6 21. Nf3 Nd7
22. Bg5 Qf8 23. Ng3 Bg7 24. Qe2 Qa3 25. Bxf5 Qxc3 26. Qc2 Qxa1 27. Bxg6 Rh8 28.
Nxh5 Rxh5 29. Bxh5 Nf8 30. g4 b5 31. Rg3 b4 32. Rg1 Qc3 33. Qb1 b3 34. axb3
Qxb3 35. Qa1 a5 36. Rb1 Qa4 37. Qc3 Bd7 38. Nd2 Nh7 39. Bh4 Kf8 40. Ra1 Qb5 41.
Qa3+ Kg8 42. Kg3 a4 43. Be7 Qc6 44. Bc5 Rb8 45. g5 Bf8 46. Bxf8 Nxf8 47. Rc1
Be8 48. h4 Rb6 49. Bf3 Qb7 50. Nf1 Rb3 51. Qa1 Qb4 0-1

[Event "Gibraltar ChallWk1 13th"]
[Site "Gibraltar"]
[Date "2015.01.30"]
[Round "5.12"]
[White "Burrows, Martin P"]
[Black "Nieto Asencio, Maria Del Carme"]
[Result "1-0"]
[WhiteElo "2136"]
[BlackElo "1985"]
[PlyCount "95"]
[EventDate "2015.01.26"]
[EventType "swiss"]
[EventRounds "5"]
[EventCountry "GGB"]
[SourceTitle "BritBase"]
[Source "www.saund.co.uk"]
[SourceDate "2018.02.10"]
[SourceVersion "1"]
[SourceVersionDate "2018.02.10"]
[SourceQuality "1"]
[TimeControl "7200+1035"]
[WhiteClock "0:18:45"]
[BlackClock "0:04:12"]

1. e4 c5 2. Nf3 g6 3. d4 cxd4 4. Nxd4 Nc6 5. c4 Nf6 6. Nc3 Nxd4 7. Qxd4 d6 8.
Bg5 Bg7 9. Be2 Qa5 10. Qd2 Be6 11. f3 Rc8 12. b3 a6 13. Na4 Qxd2+ 14. Kxd2 Bd7
15. Nb6 Rc5 16. Be3 Rc6 17. Rac1 Be6 18. Nd5 Bxd5 19. cxd5 Rxc1 20. Rxc1 Kd7
21. a4 Rc8 22. Rxc8 Kxc8 23. a5 Nd7 24. b4 Be5 25. f4 Bb2 26. g4 Bf6 27. g5 Bb2
28. h4 Ba1 29. Bg4 Kc7 30. Kd3 Bb2 31. Bd2 Ba1 32. Bc3 Bxc3 33. Kxc3 Nf8 34.
Kd4 Kd8 35. e5 Kc7 36. h5 Kd8 37. h6 Kc7 38. e6 fxe6 39. dxe6 Kc6 40. f5 gxf5
41. Bxf5 d5 42. Ke5 d4 43. Bxh7 Nxh7 44. g6 d3 45. gxh7 d2 46. h8=Q d1=Q 47.
Qe8+ Kc7 48. Qd7+ 1-0

[Event "Gibraltar ChallWk1 13th"]
[Site "Gibraltar"]
[Date "2015.01.30"]
[Round "5.13"]
[White "Verneuil, Pascal"]
[Black "Kuhne, Detlev"]
[Result "1/2-1/2"]
[WhiteElo "2093"]
[BlackElo "2131"]
[PlyCount "86"]
[EventDate "2015.01.26"]
[EventType "swiss"]
[EventRounds "5"]
[EventCountry "GGB"]
[SourceTitle "BritBase"]
[Source "www.saund.co.uk"]
[SourceDate "2018.02.10"]
[SourceVersion "1"]
[SourceVersionDate "2018.02.10"]
[SourceQuality "1"]
[TimeControl "7200+625"]
[WhiteClock "0:47:40"]
[BlackClock "0:56:30"]

1. e4 Nf6 2. e5 Nd5 3. c4 Nb6 4. c5 Nd5 5. Nc3 e6 6. d4 d6 7. Ne4 dxe5 8. dxe5
Be7 9. Nf3 O-O 10. Bg5 b6 11. Bxe7 Qxe7 12. Qc2 Nb4 13. Qc4 Nd5 14. a3 Ba6 15.
Qc2 Bxf1 16. Kxf1 bxc5 17. Nfg5 g6 18. h4 Nc6 19. h5 h6 20. hxg6 hxg5 21. g7
Kxg7 22. Nf6 Nxe5 23. Nxd5 exd5 24. Qh7+ Kf6 25. Re1 Ke6 26. Rh6+ Qf6 27. Rxf6+
Kxf6 28. f4 gxf4 29. Qh4+ Ke6 30. Qxf4 f6 31. Qa4 Kd6 32. Rd1 c6 33. b4 c4 34.
b5 Rfc8 35. Kg1 cxb5 36. Qxb5 Rc5 37. Qa6+ Rc6 38. Qb7 Rac8 39. Qg7 Ke6 40. Rf1
Nd7 41. Qg4+ Kd6 42. Qf4+ Kc5 43. Qd2 Kd6 1/2-1/2

[Event "Gibraltar ChallWk1 13th"]
[Site "Gibraltar"]
[Date "2015.01.30"]
[Round "5.14"]
[White "Janev, Pavel"]
[Black "Odeh, Kenneth"]
[Result "1-0"]
[WhiteElo "2196"]
[BlackElo "1982"]
[PlyCount "91"]
[EventDate "2015.01.26"]
[EventType "swiss"]
[EventRounds "5"]
[EventCountry "GGB"]
[SourceTitle "BritBase"]
[Source "www.saund.co.uk"]
[SourceDate "2018.02.10"]
[SourceVersion "1"]
[SourceVersionDate "2018.02.10"]
[SourceQuality "1"]
[TimeControl "7200+1155"]
[WhiteClock "0:03:57"]
[BlackClock "0:31:54"]

1. e4 c6 2. Nf3 d5 3. Nc3 dxe4 4. Nxe4 Bg4 5. h3 Bxf3 6. Qxf3 e6 7. g3 Nd7 8.
d4 Ngf6 9. Nxf6+ Nxf6 10. c3 Be7 11. Bg2 Qd5 12. O-O Qxf3 13. Bxf3 O-O 14. Rd1
h6 15. Kf1 Nh7 16. Ke2 Rad8 17. Be3 Bg5 18. b4 Bxe3 19. fxe3 Rd7 20. a4 Rc8 21.
Kd3 Nf6 22. Kc2 Nd5 23. Re1 Rcc7 24. Kb3 Kf8 25. c4 Ne7 26. b5 b6 27. bxc6 Nxc6
28. Bxc6 Rxc6 29. a5 Rb7 30. Rec1 bxa5+ 31. Kc3 Rcb6 32. Kd3 Rb2 33. c5 R2b5
34. Rc3 Ke8 35. e4 Rc7 36. Rac1 Kd7 37. d5 exd5 38. exd5 a4 39. Kd4 Rb4+ 40.
Rc4 a5 41. d6 Rc8 42. Kd5 a3 43. c6+ Kd8 44. Rxb4 axb4 45. Re1 b3 46. d7 1-0

[Event "Gibraltar ChallWk1 13th"]
[Site "Gibraltar"]
[Date "2015.01.30"]
[Round "5.15"]
[White "O'Toole, George E"]
[Black "Machlik, Monika"]
[Result "1/2-1/2"]
[WhiteElo "2242"]
[BlackElo "2015"]
[PlyCount "69"]
[EventDate "2015.01.26"]
[EventType "swiss"]
[EventRounds "5"]
[EventCountry "GGB"]
[SourceTitle "BritBase"]
[Source "www.saund.co.uk"]
[SourceDate "2018.02.10"]
[SourceVersion "1"]
[SourceVersionDate "2018.02.10"]
[SourceQuality "1"]
[TimeControl "7200+945"]
[WhiteClock "0:08:14"]
[BlackClock "0:03:59"]

1. e4 c6 2. d4 d5 3. e5 c5 4. dxc5 Nc6 5. Nf3 Bg4 6. c3 e6 7. Be3 Bxf3 8. Qxf3
Nxe5 9. Bb5+ Nc6 10. O-O Nf6 11. Bd4 Be7 12. Nd2 O-O 13. Rfe1 Qc7 14. Qe2 b6
15. cxb6 Nxd4 16. bxc7 Nxe2+ 17. Rxe2 Rac8 18. Nb3 Rxc7 19. Rd1 Ne8 20. Bxe8
Rxe8 21. f4 Kf8 22. f5 Bf6 23. Kf1 Ree7 24. Nd4 Bxd4 25. Rxd4 Ke8 26. Red2 Red7
27. Rh4 h6 28. fxe6 fxe6 29. Ke2 Ke7 30. Rhd4 Kd6 31. c4 Kc6 32. cxd5+ exd5 33.
h4 Re7+ 34. Kd3 Kd6 35. Rf2 1/2-1/2